State Finance Commission (Panchayati Raj and Urban Local Bodies), Uttar Pradesh (Record no. 488699)
[ view plain ]
| 000 -LEADER | |
|---|---|
| fixed length control field | 00450cam a22001217a 4500 |
| 008 - FIXED-LENGTH DATA ELEMENTS--GENERAL INFORMATION | |
| fixed length control field | 180718b1996 xxu||||| |||| 00| 0 eng d |
| 082 ## - DEWEY DECIMAL CLASSIFICATION NUMBER | |
| Classification number | Lmx5421 F/1996 |
| 100 ## - MAIN ENTRY--PERSONAL NAME | |
| Personal name | Uttar Pradesh. Finance Commission |
| 245 ## - TITLE STATEMENT | |
| Title | State Finance Commission (Panchayati Raj and Urban Local Bodies), Uttar Pradesh |
| 260 ## - PUBLICATION, DISTRIBUTION, ETC. | |
| Place of publication, distribution, etc. | Lucknow |
| Name of publisher, distributor, etc. | The author |
| Date of publication, distribution, etc. | 1996 |
| 300 ## - PHYSICAL DESCRIPTION | |
| Extent | 3v. |
| 500 ## - GENERAL NOTE | |
| General note | Contents: Interim. 1995. 156p.;v.1. 1996. 366p.;v.2. 1996. 533p.;v.3. 1996. p.534-820 |
| Withdrawn status | Lost status | Damaged status | Not for loan | Permanent Location | Current Location | Date acquired | Full call number | Barcode | Date last seen | Price effective from | Koha item type |
|---|---|---|---|---|---|---|---|---|---|---|---|
| Indian Institute of Public Administration | Indian Institute of Public Administration | 2018-08-04 | Lmx5421 F/1996 | GG25782 | 2018-08-04 | 2018-08-04 | GG | ||||
| Indian Institute of Public Administration | Indian Institute of Public Administration | 2018-08-04 | Lmx5421 F/1996 | GG25781 | 2018-08-04 | 2018-08-04 | GG | ||||
| Indian Institute of Public Administration | Indian Institute of Public Administration | 2018-08-04 | Lmx5421 F/1996 | GG25780 | 2018-08-04 | 2018-08-04 | GG | ||||
| Indian Institute of Public Administration | Indian Institute of Public Administration | 2018-08-04 | Lmx5421 F/1996 | GG25779 | 2018-08-04 | 2018-08-04 | GG |
